[Event "Tata Steel 83rd"]
[Site "Wijk aan Zee"]
[Date "2021.01.30"]
[Round "12"]
[White "Wojtaszek, Radoslaw"]
[Black "Carlsen, Magnus"]
[Result "1/2-1/2"]
[WhiteElo "2705"]
[BlackElo "2862"]
[PlyCount "69"]
[EventDate "2021.01.16"]
[EventType "tourn"]
[EventRounds "13"]
[EventCountry "NED"]
[EventCategory "19"]
[SourceTitle "CBM 200"]
[Source "ChessBase"]
[SourceDate "2021.02.01"]
[SourceVersion "1"]
[SourceVersionDate "2021.02.01"]
[SourceQuality "1"]

1. d4 d5 2. c4 e6 3. Nf3 c6 4. e3 Nf6 5. Nc3 Nbd7 6. Qc2 Bd6 7. Bd3 O-O 8. O-O dxc4 9. Bxc4 Qe7 10. a3 a6 ({RR} 10... a5 11. h3 b5 12. Bd3 Bb7 13. e4 e5 14. Be3 Rfe8 15. Ne2 c5 16. dxe5 Bxe5 17. Nxe5 Nxe5 18. Bxb5 Bxe4 19. Qxc5 Qxc5 20. Bxc5 Reb8 21. a4 Bd3 22. Bd6 Rxb5 23. axb5 Nc4 24. Bc7 Bxe2 25. Rfe1 {Vrolijk,L (2478)-Rydl,J (2424) Czech Republic 2022 1-0}) 11. h3 $146 ({RR} 11. Ba2 b5 12. Bb1 c5 13. dxc5 Bxc5 14. b4 Bd6 15. Ne4 Bb7 16. Nxd6 Qxd6 17. Rd1 Qc6 18. Qxc6 Bxc6 19. Nd4 Bd5 20. f3 Rfc8 21. e4 Bc4 22. Be3 Kf8 23. Kf2 Ke7 24. g4 g6 25. Bc2 Ne8 {Lerner,K (2530)-Karolyi,T (2450) Amsterdam 1988 ½-½ (32)}) ({RR} 11. Rd1 b5 12. Ba2 c5 13. dxc5 Bxc5 14. Ne4 Bb7 15. Nxc5 Nxc5 16. Qe2 Nfe4 17. Nd4 e5 18. Nf5 Qg5 19. Ng3 Rad8 20. Bd2 Nxd2 21. Rxd2 Ne4 22. Rxd8 Rxd8 23. Rc1 Nxg3 24. hxg3 Qe7 25. b4 g6 {Korobov,A (2683)-Carlsen,M (2862) Chess.com INT 2021 ½-½ (72)}) 11... b5 12. Be2 Re8 13. Ng5 c5 14. dxc5 Nxc5 15. b4 Ncd7 16. Nce4 Nxe4 17. Nxe4 Be5 18. Bb2 Bxb2 19. Qxb2 Bb7 20. Bd3 Rac8 21. Rfc1 Bxe4 22. Bxe4 Nb6 23. Bd3 g6 24. Rxc8 Rxc8 25. Rc1 Rc7 26. g3 Rxc1+ 27. Qxc1 Qd6 28. Be2 Nc4 29. Bxc4 Qc6 30. Qc3 bxc4 31. Kf1 Qh1+ 32. Ke2 Qb1 33. Qxc4 Qb2+ 34. Kf3 Qxa3 35. b5 1/2-1/2

[Event "Tata Steel 83rd"]
[Site "Wijk aan Zee"]
[Date "2021.01.31"]
[Round "13"]
[White "Carlsen, Magnus"]
[Black "Vachier Lagrave, Maxime"]
[Result "1-0"]
[WhiteElo "2862"]
[BlackElo "2784"]
[PlyCount "79"]
[EventDate "2021.01.16"]
[EventType "tourn"]
[EventRounds "13"]
[EventCountry "NED"]
[EventCategory "19"]
[SourceTitle "CBM 200"]
[Source "ChessBase"]
[SourceDate "2021.02.01"]
[SourceVersion "1"]
[SourceVersionDate "2021.02.01"]
[SourceQuality "1"]

1. d4 Nf6 2. c4 g6 3. Nc3 d5 4. cxd5 Nxd5 5. e4 Nxc3 6. bxc3 Bg7 7. Qa4+ Qd7 8. Qa3 b6 9. Nf3 c5 10. Be3 O-O 11. Rd1 cxd4 12. cxd4 Qd6 13. Qxd6 exd6 14. Rc1 $146 ({RR} 14. Bc4 Bb7 15. Nd2 Na6 16. O-O Nb4 17. d5 f5 18. Bf4 Rad8 19. g3 h6 20. h4 Kh8 21. a3 Nc2 22. Bd3 Nd4 23. Rfe1 fxe4 24. Bxe4 Ba6 25. Bxg6 Ne2+ 26. Rxe2 Bxe2 27. Re1 Bg4 28. h5 Bf5 {Debashis,D (2503)-Cheparinov,I (2681) Caleta 2015 ½-½ (39)}) 14... Bb7 15. Bd3 Nc6 16. Kd2 Rac8 17. h4 Nb4 18. Bb1 Rce8 19. a3 Nc6 20. Ba2 Rxe4 21. Bd5 Na5 22. Bxe4 Bxe4 23. Rc7 a6 24. h5 b5 25. h6 Bf6 26. Bg5 Bh8 27. Rh4 Bd5 28. Kc3 Nc4 29. Nd2 Nxa3 30. Kb4 Nc4 31. Nxc4 Bxc4 32. Be7 Re8 33. Rf4 f5 34. g4 Kf7 35. Bxd6+ Ke6 36. Bc5 Bf6 37. gxf5+ gxf5 38. Rc6+ Kf7 39. Rxf5 Re6 40. d5 1-0

[Event "San Fermin Masters Final"]
[Site "chess24.com INT"]
[Date "2021.07.10"]
[Round "1.5"]
[White "Carlsen, Magnus"]
[Black "Iturrizaga Bonelli, Eduardo"]
[Result "1-0"]
[WhiteElo "2847"]
[BlackElo "2607"]
[PlyCount "119"]
[EventDate "2021.07.10"]
[EventType "k.o."]
[EventRounds "3"]
[EventCountry "ESP"]
[SourceTitle "CBM 203 Extra"]
[Source "ChessBase"]
[SourceDate "2021.09.30"]
[SourceVersion "1"]
[SourceVersionDate "2021.09.30"]
[SourceQuality "1"]

1. d4 Nf6 2. Bf4 g6 3. Nc3 d5 4. e3 Bg7 5. h4 c6 6. Be2 h5 7. Nf3 Qb6 ({RR} 7... Bg4 8. Ne5 Bxe2 9. Qxe2 Nbd7 10. O-O-O Rc8 11. f3 b5 12. Kb1 Nb6 13. Qd3 Nfd7 14. e4 b4 15. Ne2 dxe4 16. Qxe4 Nf6 17. Qd3 Qd5 18. c4 bxc3 19. Nxc3 Qe6 20. Rde1 Nfd5 21. Bd2 Nxc3+ 22. Bxc3 {Nabaty,T (2692)-Rodshtein,M (2674) Czech Republic 2019 0-1 (60)}) ({RR} 7... Bg4 8. Ne5 Bxe2 9. Qxe2 Nfd7 10. g4 Nxe5 11. dxe5 e6 12. gxh5 Rxh5 13. Bg5 Qxg5 14. hxg5 Rxh1+ 15. Kd2 Rxa1 16. Qf3 Nd7 17. Qh3 Nxe5 18. b3 Rd8 19. f4 Nd7 20. a4 Nc5 21. Qh7 Kf8 22. Qh2 {Marino Bravo,M (2134)-Krzywda,A (2175) chess.com INT 2025 0-1}) 8. Na4 Qa5+ 9. c3 Bg4 $146 ({RR} 9... Nbd7 10. b4 Qd8 11. Ne5 Nxe5 12. Bxe5 O-O 13. f3 Nd7 14. Bxg7 Kxg7 15. g4 hxg4 16. fxg4 Rh8 17. h5 e5 18. dxe5 Qg5 19. Qd4 Qxe5 20. O-O-O Qxd4 21. exd4 Nf6 22. h6+ Kg8 23. Rdg1 b6 24. Bf3 {Fang,Y (2499)-Dai,C (2430) Tianjin 2018 1-0 (54)}) 10. b4 Qd8 11. Nc5 Qc8 12. a4 Nbd7 13. O-O O-O 14. a5 a6 15. c4 e6 16. Rc1 Re8 17. Qb3 Ne4 18. Rfd1 Ndf6 19. Qa2 Re7 20. Ne5 Bxe2 21. Qxe2 Qd8 22. Na4 Nd6 23. Nb6 Rb8 24. Nd3 Nfe8 25. c5 Nf5 26. Bxb8 Qxb8 27. g3 Nc7 28. Qf3 Nb5 29. Qf4 Qe8 30. Re1 f6 31. Qf3 Bh6 32. Rcd1 Nc3 33. Rc1 Ne4 34. Nf4 Qf7 35. Rcd1 Nc3 36. Rd3 Ne4 37. Kg2 Ng7 38. Nc8 Rd7 39. Nd6 Nxd6 40. cxd6 e5 41. dxe5 fxe5 42. Nxd5 Qxf3+ 43. Kxf3 cxd5 44. Rxd5 Nf5 45. Rc1 Bf8 46. Rc7 Rxd6 47. Rxd6 Nxd6 48. Rd7 Kh8 49. g4 Kg8 50. g5 Kh8 51. Ke2 Kg8 52. Kd3 Kh8 53. f3 Kg8 54. f4 exf4 55. exf4 Kh8 56. Kd4 Nf5+ 57. Kc4 Nd6+ 58. Kd5 Nb5 59. Rxb7 Bxb4 60. Rxb5 1-0

[Event "San Fermin Masters Final"]
[Site "chess24.com INT"]
[Date "2021.07.11"]
[Round "2.2"]
[White "So, Wesley"]
[Black "Carlsen, Magnus"]
[Result "0-1"]
[WhiteElo "2772"]
[BlackElo "2847"]
[PlyCount "54"]
[EventDate "2021.07.10"]
[EventType "k.o."]
[EventRounds "3"]
[EventCountry "ESP"]
[SourceTitle "CBM 203 Extra"]
[Source "ChessBase"]
[SourceDate "2021.09.30"]
[SourceVersion "1"]
[SourceVersionDate "2021.09.30"]
[SourceQuality "1"]

1. d4 d5 2. c4 c6 3. Nf3 Nf6 4. e3 Bg4 5. h3 Bxf3 6. Qxf3 e6 7. Nc3 Nbd7 8. a3 g6 9. Bd2 Bg7 10. cxd5 exd5 11. Bd3 O-O 12. O-O a6 $146 ({RR} 12... Re8 13. Rfc1 Nf8 14. b4 Ne6 15. Ra2 a6 16. Qd1 Bf8 17. Na4 Bd6 18. Nc5 Qe7 19. a4 Ng5 20. Be1 Bb8 21. Bf1 Qc7 22. g3 h5 23. h4 Nge4 24. Rb2 Qe7 25. Nxe4 Nxe4 26. b5 axb5 27. axb5 {So,W (2794)-Rodshtein,M (2687) Douglas 2016 ½-½ (42)}) 13. Rfc1 Re8 14. b4 b5 15. Ne2 Rc8 16. a4 Nb6 17. axb5 axb5 18. Ra6 Nc4 19. Be1 Ne4 20. Nc3 Ned6 21. Rca1 Bh6 22. Ra7 Rc7 23. g3 Rxa7 24. Rxa7 Qb6 25. Ra2 Nxe3 26. Re2 Qxd4 27. Bb1 Nec4 0-1

[Event "San Fermin Masters Final"]
[Site "chess24.com INT"]
[Date "2021.07.11"]
[Round "3.3"]
[White "Carlsen, Magnus"]
[Black "Aronian, Levon"]
[Result "1-0"]
[WhiteElo "2847"]
[BlackElo "2782"]
[PlyCount "113"]
[EventDate "2021.07.10"]
[EventType "k.o."]
[EventRounds "3"]
[EventCountry "ESP"]
[SourceTitle "CBM 203 Extra"]
[Source "ChessBase"]
[SourceDate "2021.09.30"]
[SourceVersion "1"]
[SourceVersionDate "2021.09.30"]
[SourceQuality "1"]

1. d4 Nf6 2. Bf4 d5 3. e3 Bg4 4. f3 Bd7 5. g4 c5 ({RR} 5... e6 6. c3 c5 7. Nd2 Bc6 8. Bd3 Qb6 9. Qb3 Nbd7 10. Qxb6 axb6 11. a3 b5 12. Rc1 Nb6 13. Ne2 Nc4 14. Rb1 Nd7 15. e4 Be7 16. exd5 Bxd5 17. Nxc4 bxc4 18. Be4 Bxe4 19. fxe4 Nf6 20. Ng3 {Manafov,V (2419)-Ibrahimli,M (2438) Baku AZE 2025 0-1 (62)}) 6. c3 Nc6 ({RR} 6... e6 7. Nd2 Qb6 8. Qb3 Bc6 9. Ne2 Nbd7 10. Ng3 Qa5 11. Qd1 Ba4 12. Qb1 Rc8 13. Bd3 Bb5 14. h4 Bxd3 15. Qxd3 b5 16. a3 cxd4 17. cxd4 Nb6 18. Ke2 Be7 19. g5 Nfd7 20. h5 Nc4 21. b3 {Carlsen,M (2847)-Aronian,L (2782) chess24.com INT 2021 ½-½ (66)}) 7. Nd2 $146 ({RR} 7. h4 Qb6 8. Qb3 Qxb3 9. axb3 a6 10. Nh3 Bc8 11. Na3 Ra7 12. Nc2 e6 13. Be2 Be7 14. Bg3 b6 15. Kf2 O-O 16. Nf4 Nd7 17. Rhd1 b5 18. g5 Rd8 19. Kg2 Bb7 20. Kf2 Raa8 21. Nd3 b4 {Kamsky,G (2670)-Inarkiev,E (2686) Sochi 2016 ½-½ (48)}) 7... Qb6 8. Qb3 Na5 9. Qxb6 axb6 10. Bd3 e6 11. Ne2 Ba4 12. b3 Bc6 13. Kf2 Nd7 14. a4 f6 15. Rhb1 e5 16. Bg3 Nxb3 17. Rxb3 c4 18. Nxc4 dxc4 19. Bxc4 Rxa4 20. Rxa4 Bxa4 21. Rb1 Bd6 22. Bd5 Bc6 23. c4 Bxd5 24. cxd5 Ke7 25. dxe5 Bxe5 26. Bxe5 fxe5 27. Nc3 Rc8 28. Ne4 Rc2+ 29. Kg3 Re2 30. Rb3 Re1 31. h4 g6 32. g5 Rg1+ 33. Kf2 Rh1 34. Nf6 Nxf6 35. gxf6+ Kxf6 36. Rxb6+ Ke7 37. Rxb7+ Kd6 38. e4 Rxh4 39. Rb6+ Kd7 40. Kg3 Rh5 41. Kg4 Ke7 42. f4 exf4 43. Kxf4 Rh1 44. Ke5 Rh5+ 45. Kd4 Rh4 46. Ra6 g5 47. Ke5 g4 48. d6+ Kd7 49. Ra7+ Kd8 50. Rg7 Rh5+ 51. Ke6 Rh6+ 52. Kd5 Rg6 53. Rxg6 hxg6 54. Kd4 Kd7 55. e5 Ke6 56. Ke3 g5 57. Kf2 1-0

[Event "San Fermin Masters Final"]
[Site "chess24.com INT"]
[Date "2021.07.11"]
[Round "3.7"]
[White "Carlsen, Magnus"]
[Black "Aronian, Levon"]
[Result "1/2-1/2"]
[WhiteElo "2847"]
[BlackElo "2782"]
[PlyCount "132"]
[EventDate "2021.07.10"]
[EventType "k.o."]
[EventRounds "3"]
[EventCountry "ESP"]
[SourceTitle "CBM 203 Extra"]
[Source "ChessBase"]
[SourceDate "2021.09.30"]
[SourceVersion "1"]
[SourceVersionDate "2021.09.30"]
[SourceQuality "1"]

1. d4 Nf6 2. Bf4 d5 3. e3 Bg4 4. f3 Bd7 5. g4 c5 6. c3 e6 7. Nd2 Qb6 ({RR} 7... Bc6 8. Bd3 Qb6 9. Qb3 Nbd7 10. Qxb6 axb6 11. a3 b5 12. Rc1 Nb6 13. Ne2 Nc4 14. Rb1 Nd7 15. e4 Be7 16. exd5 Bxd5 17. Nxc4 bxc4 18. Be4 Bxe4 19. fxe4 Nf6 20. Ng3 Nxg4 21. h3 Nf6 22. Ke2 {Manafov,V (2419)-Ibrahimli,M (2438) Baku AZE 2025 0-1 (62)}) 8. Qb3 Bc6 $146 ({RR} 8... c4 9. Qc2 Bd6 10. Bxd6 Qxd6 11. e4 Qc7 12. e5 Ng8 13. Ne2 Nc6 14. f4 h5 15. gxh5 Rxh5 16. Rg1 Kf8 17. Nf3 Nge7 18. Ng3 Rh6 19. Qd2 b5 20. a3 a5 21. h4 f5 22. Be2 Nd8 23. Kf2 {Carlsen,M (2847)-Aronian,L (2781) chess24.com INT 2021 1-0 (66)}) 9. Ne2 Nbd7 10. Ng3 Qa5 11. Qd1 Ba4 12. Qb1 Rc8 13. Bd3 Bb5 14. h4 Bxd3 15. Qxd3 b5 16. a3 cxd4 17. cxd4 Nb6 18. Ke2 Be7 19. g5 Nfd7 20. h5 Nc4 21. b3 Nxd2 22. Qxd2 Qxd2+ 23. Kxd2 b4 24. Rhc1 O-O 25. a4 f6 26. gxf6 gxf6 27. e4 dxe4 28. fxe4 Kf7 29. Be3 a5 30. Ne2 e5 31. Rxc8 Rxc8 32. Rc1 Rxc1 33. Kxc1 exd4 34. Nxd4 Bc5 35. Kd2 Ne5 36. Nf5 Bxe3+ 37. Kxe3 Ke6 38. Kd4 Nf3+ 39. Ke3 Ne5 40. Nd4+ Kd6 41. Kf4 Kc5 42. Ne6+ Kd6 43. Kf5 Nd7 44. h6 Ke7 45. Nd4 Kd6 46. Nc2 Nc5 47. Nd4 Nd7 48. Nf3 Nc5 49. Nd2 Ke7 50. e5 fxe5 51. Kxe5 Kd7 52. Kd5 Nd3 53. Nc4 Nf4+ 54. Ke5 Nd3+ 55. Kf6 Nc5 56. Nxa5 Ke8 57. Kg7 Ke7 58. Kxh7 Kf7 59. Nc6 Nxb3 60. Nxb4 Nc5 61. a5 Ne6 62. Nc6 Nf8+ 63. Kh8 Ng6+ 64. Kh7 Nf8+ 65. Kh8 Ng6+ 66. Kh7 Nf8+ 1/2-1/2

[Event "FIDE World Cup"]
[Site "Krasnaya Polyana"]
[Date "2021.07.24"]
[Round "4.3"]
[White "Wojtaszek, Radoslaw"]
[Black "Carlsen, Magnus"]
[Result "1/2-1/2"]
[WhiteElo "2691"]
[BlackElo "2847"]
[PlyCount "72"]
[EventDate "2021.07.12"]
[EventType "k.o."]
[EventRounds "8"]
[EventCountry "RUS"]
[SourceTitle "CBM 203"]
[Source "ChessBase"]
[SourceDate "2021.08.31"]
[SourceVersion "1"]
[SourceVersionDate "2021.08.31"]
[SourceQuality "1"]

1. d4 Nf6 2. c4 e6 3. g3 d5 4. Bg2 Bb4+ 5. Bd2 a5 6. Nf3 O-O 7. Qc2 c5 8. cxd5 cxd4 9. Nxd4 Qb6 10. e3 exd5 11. O-O Nc6 12. Nxc6 bxc6 13. Rc1 Qb8 14. Bxb4 axb4 15. Nd2 Bd7 16. Nb3 h5 17. Nc5 Bc8 18. h4 $146 ({RR} 18. a4 bxa3 19. bxa3 h4 20. Qc3 hxg3 21. hxg3 Qd6 22. a4 Ng4 23. a5 Qh6 24. Ra4 Re8 25. a6 g5 26. e4 dxe4 27. Nxe4 Rxe4 28. Rxe4 Qh2+ 29. Kf1 Bxa6+ 30. Rc4 Re8 31. Qd2 Ne5 32. Qxg5+ Kf8 {Besou,H (2332)-Droin,A (2436) Mali Losinj CRO 2023 0-1 (40)}) 18... Re8 19. a4 bxa3 20. bxa3 Re7 21. a4 Rea7 22. Qc3 Ra5 23. Nd3 Rxa4 24. Rxa4 Rxa4 25. Qxc6 Bd7 26. Qc5 Qb5 27. Qxb5 Bxb5 28. Nf4 Bc4 29. Rd1 Ra5 30. Bf3 g6 31. Kg2 Kg7 32. Rd4 Rb5 33. Rd1 Rb2 34. Rd4 Rb5 35. Rd1 Rb2 36. Rd4 Rb5 1/2-1/2

[Event "FIDE World Cup"]
[Site "Krasnaya Polyana"]
[Date "2021.07.24"]
[Round "4.4"]
[White "Carlsen, Magnus"]
[Black "Wojtaszek, Radoslaw"]
[Result "1-0"]
[WhiteElo "2847"]
[BlackElo "2691"]
[PlyCount "95"]
[EventDate "2021.07.12"]
[EventType "k.o."]
[EventRounds "8"]
[EventCountry "RUS"]
[SourceTitle "CBM 203"]
[Source "ChessBase"]
[SourceDate "2021.08.31"]
[SourceVersion "1"]
[SourceVersionDate "2021.08.31"]
[SourceQuality "1"]

1. d4 Nf6 2. c4 e6 3. Nc3 Bb4 4. e3 O-O 5. Bd3 c5 6. Nge2 d5 7. cxd5 cxd4 8. exd4 Nxd5 9. O-O Nc6 10. Nxd5 exd5 11. Nf4 Bd6 12. Be3 Bxf4 13. Bxf4 Qf6 14. Be3 Nb4 $146 ({RR} 14... Bf5 15. Be2 Rfe8 16. Rc1 Qg6 17. Bh5 Qd6 18. Qd2 Rac8 19. Be2 h6 20. Rc3 Ne7 21. Rfc1 Rxc3 22. Rxc3 Rc8 23. Rc5 Qe6 24. h3 Rxc5 25. dxc5 Nc6 26. Bb5 a6 {½-½ (26) Hoffmann,M (2517)-Meier,G (2648) Belgium 2011}) ({RR} 14... Bf5 15. Rc1 Bxd3 16. Qxd3 Rfe8 17. Rfd1 Re7 18. a3 Rae8 19. h3 h6 20. Rc5 Rd7 21. b4 b6 22. Rc2 Ne7 23. Bc1 Nf5 24. Qf3 Re4 25. Bb2 Qe6 26. b5 Re7 27. a4 Nh4 28. Qg3 Ng6 29. Bc1 {Milov,V (2652)-Anand,V (2788) Bastia 2005 1-0 (46)}) 15. Bb1 Bf5 16. Qb3 Bxb1 17. Raxb1 Qd6 18. a3 Na6 19. Rbc1 Qd7 20. Bf4 Rac8 21. Qg3 f6 22. h4 Rxc1 23. Rxc1 Rc8 24. Rxc8+ Qxc8 25. b4 b5 26. h5 Qd7 27. Qf3 h6 28. Qc3 Qf5 29. g3 Qd7 30. Qc2 Kf8 31. Qh7 Nc7 32. Bxh6 Qg4 33. Be3 Ne6 34. Qh8+ Kf7 35. Qc8 Qe4 36. Qd7+ Kg8 37. Qxa7 Ng5 38. Bxg5 Qe1+ 39. Kg2 Qe4+ 40. Kh2 fxg5 41. Qb8+ Kf7 42. Qc7+ Kf6 43. Qd6+ Kf7 44. Qg6+ Qxg6 45. hxg6+ Kxg6 46. g4 Kf6 47. Kg3 Ke6 48. Kf3 1-0

[Event "FIDE World Cup"]
[Site "Krasnaya Polyana"]
[Date "2021.07.25"]
[Round "5.1"]
[White "Carlsen, Magnus"]
[Black "Esipenko, Andrey"]
[Result "1/2-1/2"]
[WhiteElo "2847"]
[BlackElo "2716"]
[PlyCount "48"]
[EventDate "2021.07.12"]
[EventType "k.o."]
[EventRounds "8"]
[EventCountry "RUS"]
[SourceTitle "CBM 203"]
[Source "ChessBase"]
[SourceDate "2021.08.31"]
[SourceVersion "1"]
[SourceVersionDate "2021.08.31"]
[SourceQuality "1"]

1. d4 Nf6 2. c4 e6 3. Nf3 d5 4. g3 Bb4+ 5. Bd2 Be7 6. Bg2 O-O 7. O-O Nbd7 8. Bc3 c5 ({RR} 8... b6 9. cxd5 Nxd5 10. e4 Nxc3 11. Nxc3 Bb7 12. Re1 Re8 13. Qc2 c6 14. Rad1 Qc7 15. e5 Rad8 16. h4 h6 17. Qe4 Qb8 18. Qg4 Bb4 19. Nd2 c5 20. Bxb7 Qxb7 21. Nde4 cxd4 22. Rxd4 Be7 23. Nd6 {Ding,L (2774)-Carlsen,M (2837) Saint Louis 2017 0-1 (72)}) ({RR} 8... Ne4 9. Nfd2 Nxc3 10. Nxc3 c6 11. e4 e5 12. exd5 exd4 13. Ne2 c5 14. Nc1 Ne5 15. Re1 Bd6 16. Ne4 Nxc4 17. Nd3 b6 18. b3 Na3 19. Qh5 h6 20. Rac1 Nb5 21. f4 Nc3 22. Ne5 Nxe4 23. Bxe4 {Koelle,T (2275)-Esipenko,A (2682) Chess.com INT 2020 0-1 (47)}) 9. Nbd2 ({RR} 9. dxc5 Nxc5 10. Nbd2 Nfe4 11. Nxe4 Nxe4 12. Bd4 Bf6 13. cxd5 exd5 14. Bxf6 Nxf6 15. Rc1 Be6 16. Qd4 Qa5 17. a3 Rac8 18. Ne5 h6 19. Nd3 b6 20. Nb4 Qa4 21. e3 Qd7 22. Rcd1 Rfd8 23. Rd2 a5 {Kim,N (2080)-Moses,N (2135) chess.com INT 2025 ½-½ (91)}) 9... b6 10. Ne5 Bb7 11. Nxd7 $146 ({RR} 11. dxc5 bxc5 12. e3 Qb6 13. Nxd7 Nxd7 14. cxd5 exd5 15. Nc4 dxc4 16. Qxd7 Bxg2 17. Kxg2 Bf6 18. Bxf6 Qxf6 19. Qd5 Qxb2 20. Qxc4 Rac8 21. Rab1 Qe5 22. Rb7 Rc7 23. Rfb1 h6 24. Rxc7 Qxc7 25. Rb5 Rc8 {Orian,N (1999)-Anustoop,B (2256) Monsaraz POR 2023 0-1 (55)}) 11... Qxd7 12. dxc5 bxc5 13. cxd5 exd5 14. e3 Rfd8 15. Re1 a5 16. Bxf6 Bxf6 17. Rc1 Qb5 18. Qb3 Qb4 19. Qxb4 axb4 20. Rxc5 Bxb2 21. Rb5 Bc6 22. Rc5 Bb7 23. Rb5 Bc6 24. Rc5 Bb7 1/2-1/2

[Event "FIDE World Cup"]
[Site "Krasnaya Polyana"]
[Date "2021.07.27"]
[Round "5.3"]
[White "Carlsen, Magnus"]
[Black "Esipenko, Andrey"]
[Result "1/2-1/2"]
[WhiteElo "2847"]
[BlackElo "2716"]
[PlyCount "96"]
[EventDate "2021.07.12"]
[EventType "k.o."]
[EventRounds "8"]
[EventCountry "RUS"]
[SourceTitle "CBM 203"]
[Source "ChessBase"]
[SourceDate "2021.08.31"]
[SourceVersion "1"]
[SourceVersionDate "2021.08.31"]
[SourceQuality "1"]

1. d4 Nf6 2. c4 e6 3. Nf3 d5 4. g3 Bb4+ 5. Bd2 Be7 6. Bg2 O-O 7. O-O Nbd7 8. b4 dxc4 ({RR} 8... c6 9. a4 Bd6 10. Qc2 e5 11. cxd5 cxd5 12. dxe5 Nxe5 13. Bc3 Re8 14. Nbd2 Nxf3+ 15. Bxf3 Bh3 16. Rfc1 Qe7 17. Qb2 Rad8 18. b5 Ne4 19. Nxe4 dxe4 20. Bg2 Bxg2 21. Kxg2 f6 22. Bd4 Qe6 23. Qa2 {So,W (2778)-Karjakin,S (2782) Stavanger 2018 ½-½ (58)}) 9. Qc1 Nb6 10. a4 Bd7 $146 ({RR} 10... Ne4 11. Be1 Nd6 12. a5 Nd5 13. Ne5 Bf6 14. Na3 c3 15. Rb1 c6 16. e4 Nc7 17. Bxc3 Ndb5 18. Rd1 Nxa3 19. Qxa3 Nb5 20. Qc1 Nxc3 21. Qxc3 Qc7 22. Nc4 Rd8 23. e5 Be7 24. b5 cxb5 25. Rxb5 {Tikhonov,V (2201)-Sarana,A (2685) chess.com INT 2023 ½-½ (70)}) ({RR} 10... c6 11. a5 Nbd5 12. Qxc4 a6 13. Rd1 Qd6 14. Ne5 Nxb4 15. e4 Rd8 16. Bf4 Rf8 17. Nd3 {1-0 (17) Tikhonov,V (2183)-Sakhayi,M (2166) chess.com INT 2025}) 11. a5 Nbd5 12. Qxc4 Ne4 13. Ne5 Nxd2 14. Nxd2 Be8 15. b5 c6 16. bxc6 Rc8 17. Qb3 bxc6 18. Nd3 c5 19. dxc5 Bxc5 20. Bxd5 exd5 21. Rfc1 Rb8 22. Qc3 Be7 23. Qc7 a6 24. Qxd8 Bxd8 25. Rc5 Bb5 26. Rxd5 Bf6 27. Rc1 Rfd8 28. Rdc5 h6 29. Ne4 Bd4 30. R5c2 Bxd3 31. exd3 Rb5 32. Ra2 Rdd5 33. Rc6 Rxa5 34. Rxa6 Rxa2 35. Rxa2 f5 36. Nd2 Bc3 37. Nf1 Rxd3 38. Ra3 g5 39. Kg2 f4 40. gxf4 gxf4 41. h4 Kf7 42. Nh2 Kg6 43. Nf3 Kf5 44. Ra6 Bf6 45. h5 Rd5 46. Kh3 Rd3 47. Kg2 Rd5 48. Kh3 Rd3 1/2-1/2

[Event "FIDE World Cup"]
[Site "Krasnaya Polyana"]
[Date "2021.07.27"]
[Round "5.5"]
[White "Carlsen, Magnus"]
[Black "Esipenko, Andrey"]
[Result "1-0"]
[WhiteElo "2847"]
[BlackElo "2716"]
[PlyCount "61"]
[EventDate "2021.07.12"]
[EventType "k.o."]
[EventRounds "8"]
[EventCountry "RUS"]
[SourceTitle "CBM 203"]
[Source "ChessBase"]
[SourceDate "2021.08.31"]
[SourceVersion "1"]
[SourceVersionDate "2021.08.31"]
[SourceQuality "1"]

1. d4 Nf6 2. c4 e6 3. Nf3 d5 4. g3 Bb4+ 5. Bd2 Be7 6. Bg2 O-O 7. O-O Nbd7 8. Qb3 Nb6 ({RR} 8... a5 9. Bf4 c6 10. Rd1 a4 11. Qc2 h6 12. h4 Qa5 13. Nc3 dxc4 14. a3 b5 15. e4 Bb7 16. Bh3 Rfe8 17. Bd2 Qa6 18. g4 Nh7 19. g5 hxg5 20. hxg5 Nhf8 21. Be3 Rad8 22. Bf4 Ng6 23. Bc7 {Berczes,D (2408)-Ostrovskiy,A (2394) Budapest HUN 2025 ½-½}) 9. c5 ({RR} 9. cxd5 exd5 10. Bb4 Bxb4 11. Qxb4 a5 12. Qc3 c6 13. Ne5 Re8 14. Nd2 Ng4 15. Nxg4 Bxg4 16. e3 Qd6 17. Rfe1 Be6 18. Nb3 Qc7 19. Nc5 Nd7 20. Nxe6 fxe6 21. e4 Qd6 22. Re2 dxe4 23. Bxe4 Nf6 {Aronian,L (2780)-Caruana,F (2805) Stavanger 2015 1-0 (87)}) 9... Nc4 10. Bc3 $146 ({RR} 10. Qc2 b6 11. Bf4 bxc5 12. b3 Na5 13. b4 Nc4 14. bxc5 Bd7 15. Ne5 Nxe5 16. dxe5 Ne4 17. c6 Be8 18. Bxe4 dxe4 19. Qxe4 Rb8 20. Nd2 Rb4 21. Qd3 Qxd3 22. exd3 Bxc6 23. Rfc1 Rb6 24. Be3 Ra6 {Gleizerov,E (2567)-Naroditsky,D (2503) Riga 2013 ½-½ (34)}) 10... b6 11. c6 a5 12. Nbd2 Ba6 13. Nxc4 Bxc4 14. Qc2 a4 15. Ne5 Bb5 16. Rfe1 Bd6 17. Bd2 a3 18. b3 Ne4 19. Bxe4 dxe4 20. Nd7 f5 21. Nxf8 Qxf8 22. Bf4 Rd8 23. Be5 Bxe5 24. dxe5 h6 25. Rad1 Rxd1 26. Rxd1 Qb4 27. Kf1 e3 28. f3 h5 29. Rd7 h4 30. Rxc7 h3 31. Rd7 1-0

[Event "FIDE World Cup"]
[Site "Krasnaya Polyana"]
[Date "2021.08.01"]
[Round "7.1"]
[White "Carlsen, Magnus"]
[Black "Duda, Jan Krzysztof"]
[Result "1/2-1/2"]
[WhiteElo "2847"]
[BlackElo "2738"]
[PlyCount "63"]
[EventDate "2021.07.12"]
[EventType "k.o."]
[EventRounds "8"]
[EventCountry "RUS"]
[SourceTitle "CBM 203"]
[Source "ChessBase"]
[SourceDate "2021.08.31"]
[SourceVersion "1"]
[SourceVersionDate "2021.08.31"]
[SourceQuality "1"]

1. d4 Nf6 2. c4 e6 3. Nf3 d5 4. Nc3 dxc4 5. e4 Bb4 6. Bxc4 Nxe4 7. O-O Nf6 8. Qe2 O-O 9. Bg5 h6 10. Bh4 Be7 11. Rad1 Nc6 12. Rfe1 $146 ({RR} 12. d5 exd5 13. Nxd5 Nxd5 14. Rxd5 Qe8 15. Bxe7 Qxe7 16. Ne5 Re8 17. Nxc6 Qxe2 18. Bxe2 bxc6 19. Rd2 Rxe2 20. Rxe2 Ba6 21. Rc2 Bxf1 22. Kxf1 Rb8 23. b3 Rb6 24. g4 Kf8 25. Re2 Rb4 26. h3 c5 {Hollan,M (2346)-Pniaczek,M (2211) Chess.com INT 2020 1-0 (57)}) 12... Nd5 13. Bxd5 Bxh4 14. Bxc6 bxc6 15. Qc4 Rb8 16. Nxh4 Qxh4 17. b3 Rd8 18. Qxc6 Bb7 19. Qc5 Qg5 20. Qxg5 hxg5 21. h3 Bd5 22. Re5 f6 23. Nxd5 fxe5 24. Ne7+ Kf8 25. Nc6 Ra8 26. Nxd8 Rxd8 27. Rc1 exd4 28. Rxc7 d3 29. Rc1 Ke7 30. f3 Rc8 31. Rd1 Rc2 32. Rxd3 1/2-1/2